| 000 | 00529nam a22001937a 4500 | ||
|---|---|---|---|
| 003 | OSt | ||
| 005 | 20240701171933.0 | ||
| 008 | 240701b |||||||| |||| 00| 0 eng d | ||
| 020 | _a0 00 717282 6 | ||
| 040 | _csbcl | ||
| 082 |
_a823 CHE _b142293 |
||
| 100 | _aChevalier,Tracy | ||
| 245 | _aGirl with a Pearl Earring | ||
| 250 | _a1 | ||
| 260 |
_aLondon _bHarperCollins _c2003 |
||
| 300 | _a309p. | ||
| 650 |
_2Literature (Belles-lettres) and rhetoric _aEnglish & Old English literatures _vEnglish fiction |
||
| 942 | _cBOOK | ||
| 999 |
_c136080 _d136080 |
||